Sebevražda : bakalářská práce Markéta Dolejší ; Vedoucí práce: Marie Lhotová
Record details
- Physical Description: 70 s. příl.
Content descriptions
| General Note: | <a href="bc/05-6/dolejsi_bc.pdf">přístup k plnému textu</a> |
| Bibliography, etc. Note: | bibliogr. s. 68 |
Available copies
- 1 of 1 copy available at Common Catalog SPOK.
Holds
- 0 current holds with 1 total copy.
Show Only Available Copies
| Location | Call Number / Copy Notes | Barcode | Shelving Location | Status | Due Date |
|---|---|---|---|---|---|
| Jabok Library | ABP-1112 | 424480018525 | Absolventské práce | Reference | - |
Electronic resources
Version of Resource: Zobrazení plného textu
| LDR | 00720ntm a22 a 4500 | ||
|---|---|---|---|
| 001 | 11379 | ||
| 003 | CZ-PrJAB | ||
| 005 | 20120320115413.0 | ||
| 008 | 060316s2006 xr e |||| |cze | ||
| 009 | cz | ||
| 035 | . | ‡a(CONS)11379 | |
| 035 | . | ‡aKPS0014980 | |
| 041 | 0 | . | ‡acze |
| 100 | 1 | 1. | ‡712031 ‡aDolejší, Markéta |
| 110 | 2. | ‡aEvangelická teologická fakulta Univerzity Karlovy | |
| 245 | 1 | . | ‡aSebevražda : ‡bbakalářská práce ‡cMarkéta Dolejší ; Vedoucí práce: Marie Lhotová |
| 260 | . | ‡aPraha ‡c2006 | |
| 300 | . | ‡a70 s. ‡bpříl. | |
| 500 | . | ‡a<a href="bc/05-6/dolejsi_bc.pdf">přístup k plnému textu</a> | |
| 504 | . | ‡abibliogr. s. 68 | |
| 653 | . | ‡asebevražda ‡asebevražedné jednání ‡asebevražedné sklony ‡asmrt | |
| 700 | 1 | 1. | ‡74189 ‡aLhotová, Marie |
| 856 | 4 | 1. | ‡uhttp://knihovna.jabok.cz/abp/bc/05-6/dolejsi_bc.pdf ‡yZobrazení plného textu |
| 999 | . | ‡a1112- ‡c1112- ‡i424480018525 ‡tP | |
| 999 | . | ‡a1320- ‡c1320- ‡i424480022443 ‡tP | |
| 910 | . | ‡aABG312 | |
| 901 | . | ‡a11379 ‡bUnknown ‡c11379 ‡tbiblio | |